MARC details
| 000 -LEADER |
| fixed length control field |
03018cam a22003978i 4500 |
| 001 - CONTROL NUMBER |
| control field |
21653312 |
| 003 - CONTROL NUMBER IDENTIFIER |
| control field |
CSPC |
| 005 - DATE AND TIME OF LATEST TRANSACTION |
| control field |
20250902173612.0 |
| 008 - FIXED-LENGTH DATA ELEMENTS--GENERAL INFORMATION |
| fixed length control field |
200805s2021 nyu b 001 0 eng |
| 010 ## - LIBRARY OF CONGRESS CONTROL NUMBER |
| LC control number |
2020035524 |
| 020 ## - INTERNATIONAL STANDARD BOOK NUMBER |
| International Standard Book Number |
9780367685171 |
| Qualifying information |
(paperback) |
| 035 ## - SYSTEM CONTROL NUMBER |
| System control number |
21653312 |
| 040 ## - CATALOGING SOURCE |
| Original cataloging agency |
DLC |
| Language of cataloging |
eng |
| Description conventions |
rda |
| Transcribing agency |
DLC |
| Modifying agency |
CSPC |
| 042 ## - AUTHENTICATION CODE |
| Authentication code |
pcc |
| 050 00 - LIBRARY OF CONGRESS CALL NUMBER |
| Classification number |
HD38.2 |
| Item number |
.O86 2021 |
| 082 00 - DEWEY DECIMAL CLASSIFICATION NUMBER |
| Classification number |
658.4071 |
| Item number |
Os56l |
| Edition number |
23 |
| 100 1# - MAIN ENTRY--PERSONAL NAME |
| Personal name |
Osnes, Gry, |
| Relator term |
author. |
| 245 10 - TITLE STATEMENT |
| Title |
Leadership and strategic succession : |
| Remainder of title |
the how and why for boards and CEOs / |
| Statement of responsibility, etc. |
Gry Osnes and contributing author Agnes Wilhelmsen. |
| 263 ## - PROJECTED PUBLICATION DATE |
| Projected publication date |
2103 |
| 264 #1 - PRODUCTION, PUBLICATION, DISTRIBUTION, MANUFACTURE, AND COPYRIGHT NOTICE |
| Place of production, publication, distribution, manufacture |
Abingdon, Oxon ; |
| -- |
New York, NY : |
| Name of producer, publisher, distributor, manufacturer |
Routledge, |
| Date of production, publication, distribution, manufacture, or copyright notice |
2021. |
| 300 ## - PHYSICAL DESCRIPTION |
| Extent |
xvii, 194 pages : |
| Other physical details |
illustrations ; |
| Dimensions |
23 cm. |
| 336 ## - CONTENT TYPE |
| Content type term |
text |
| Content type code |
txt |
| Source |
rdacontent |
| 337 ## - MEDIA TYPE |
| Media type term |
unmediated |
| Media type code |
n |
| Source |
rdamedia |
| 338 ## - CARRIER TYPE |
| Carrier type term |
volume |
| Carrier type code |
nc |
| Source |
rdacarrier |
| 504 ## - BIBLIOGRAPHY, ETC. NOTE |
| Bibliography, etc. note |
Includes bibliographical references and index. |
| 505 0# - FORMATTED CONTENTS NOTE |
| Formatted contents note |
Introduction -- Part I: Exit of a CEO and strategic succession -- Successions as crossroads -- Strategic successions -- The force of group dynamics -- Managing feelings and emotions -- Logic on leadership: how successions create leadership -- Part II: Entry of a CEO and followership -- Agent of evolution or transformation? -- The handover and CEO entry -- Succession or incubation? -- Authority and power -- The board: trust and followership -- The social and psychodynamic in successions. |
| 520 ## - SUMMARY, ETC. |
| Summary, etc. |
"Based on a review of the literature and several in-depth case studies, this book suggests a strategy-as-practice framework for succession and explores leadership logic, trust, and followership. This book takes the reader through the key stages and disciplines regquired for effective top-level succession. Corporations, growing entrepreneurial companies and family owners all must manage strong group dynamics and individual needs in a succession transition. This book includes a wide range of global client cases, including public sector organizations, corporations, entrepreneurial firms and family owners. Based on rigorous research and written in an accessible style with a focus on practical needs, readers will also be able to combine this analysis within disciplines of governance, leadership, strategy and organizational development. This book will be of interest both to students at an advanced level, academics and reflective practitioners as well as the top levels of businesses"-- |
| Assigning source |
Provided by publisher. |
| 650 #0 - SUBJECT ADDED ENTRY--TOPICAL TERM |
| Topical term or geographic name entry element |
Executive succession. |
| 650 #0 - SUBJECT ADDED ENTRY--TOPICAL TERM |
| Topical term or geographic name entry element |
Leadership. |
| 700 1# - ADDED ENTRY--PERSONAL NAME |
| Personal name |
Wilhelmsen, Agnes, |
| Relator term |
author. |
| 776 08 - ADDITIONAL PHYSICAL FORM ENTRY |
| Relationship information |
Online version: |
| Main entry heading |
Osnes, Gry. |
| Title |
Leadership and strategic succession |
| Place, publisher, and date of publication |
Abingdon, Oxon ; New York, NY : Routledge, 2021. |
| International Standard Book Number |
9780429292545 |
| Record control number |
(DLC) 2020035525 |
| 906 ## - LOCAL DATA ELEMENT F, LDF (RLIN) |
| a |
7 |
| b |
cbc |
| c |
orignew |
| d |
1 |
| e |
ecip |
| f |
20 |
| g |
y-gencatlg |
| 942 ## - ADDED ENTRY ELEMENTS (KOHA) |
| Source of classification or shelving scheme |
Dewey Decimal Classification |
| Koha item type |
Books |
| Edition |
23 |
| Classification part |
658.4071 |
| Item part |
Os56l |
| Call number prefix |
GRD |
| Call number suffix |
2021 |
| Suppress in OPAC |
No |